Statistics for General knowledge #1 L

Click here to take the quiz!

General Stats

  • This quiz has been taken 7 times
    (5 since last reset)
  • The average score is 10 of 21

Answer Stats

HintAnswer% Correct
What organ in the human body uses up more than 20% of daily energy intakeBrain
100%
What direction do dogs prefer to face when going to the toiletNorth or south
100%
What is the largest organ of the human bodySkin
100%
Name one doctor(before the year 2000) from TV Doctor Who who haven’t encountered the cyber men8th
80%
How many elements are there whose symbols are just one letter14
60%
In what year did America official become its own country1776
60%
What is the 11th digit of pi5
60%
What age was Stan Lee when he died95
60%
What dose “Hasta La Vista” meanSee you around
60%
Who was the first member of the original justice league to be createdSuperman
60%
What type of TARDIS dose the doctor ownType 40
60%
How many different teams are there in the SPFL42
40%
How many different presidents of the United States have there been (2023)46
40%
What is the largest animal to ever existBlue whale
40%
What was given to the world by God as a promise to never whipe out most of the planet againRainbows
40%
What is the proper name for the southern lightsAurora Australis
20%
How many cells are there in the human body36 trillion
0%
Who was the third member of Apollo 11 who remained in orbit around the moonMichael Collins
0%
What is it called when a boat increases its speed till its horizontal and its hull is bouncing off the wavesPlaning
0%
What is the name of the rope on a boat used to control how far in or out a sail isSheet
0%
What is the word used to describe a build up of sand which connects a small island to landTombolo
0%

Score Distribution

Percentile by Number Answered

Percent of People with Each Score

Your Score History

You have not taken this quiz since the last reset